| 000 | 02316nam a22003974a 4500 | ||
|---|---|---|---|
| 001 | ebr10232774 | ||
| 003 | CaPaEBR | ||
| 006 | m u | ||
| 007 | cr cn||||||||| | ||
| 008 | 061211s2007 enka sb 001 0 eng | ||
| 010 | _z 2006101283 | ||
| 015 |
_aGBA684589 _2bnb |
||
| 016 | 7 |
_z013568366 _2Uk |
|
| 016 | 7 |
_z101295174 _2DNLM |
|
| 020 | _z9781405133050 (pbk. : alk. paper) | ||
| 020 | _z1405133058 (pbk. : alk. paper) | ||
| 040 |
_aCaPaEBR _cCaPaEBR |
||
| 035 | _a(OCoLC)608622664 | ||
| 050 | 1 | 4 |
_aRD93 _b.A85 2007eb |
| 082 | 0 | 4 |
_a617/.919 _222 |
| 245 | 0 | 0 |
_aAssessing and managing the acutely ill adult surgical patient _h[electronic resource] / _cedited by Fiona J. McArthur-Rouse, Sylvia Prosser. |
| 260 |
_aOxford ; _aMalden, MA : _bBlackwell Pub., _c2007. |
||
| 300 |
_aviii, 260 p. : _bill. |
||
| 504 | _aIncludes bibliographical references and index. | ||
| 505 | 0 | _aPre-operative assessment and preparation / Curie Scott, Fiona J. McArthur-Rouse, Jane McLean -- The peri-operative phase / Luke Ewart and Sandra Huntington -- Post-operative recovery / Sylvia Prosser and Fiona J. McArthur-Rouse -- Post-operative pain management / Jane McLean, Sandra Huntington, Fiona J. McArthur-Rouse -- Psychosocial aspects of surgery / Fiona J. McArthur-Rouse and Tim Collins -- Head and neck surgery / Tracey Sharpe and Carma Harnett -- Vascular surgery / Ann M. Price -- Upper gastrointestinal surgery / Ian Felstead -- Surgery of the lower gastrointestinal tract / Ian Felstead -- Urological surgery / Ian Felstead and Jane McLean -- Women's health / Fiona J. McArthur-Rouse -- Orthopaedic surgery / Ann Newman -- Identifying and managing life-threatening situations / Tim Collins and Catherine I. Plowright. | |
| 533 |
_aElectronic reproduction. _bPalo Alto, Calif. : _cebrary, _d2013. _nAvailable via World Wide Web. _nAccess may be limited to ebrary affiliated libraries. |
||
| 650 | 0 | _aSurgical emergencies. | |
| 650 | 0 | _aPreoperative care. | |
| 650 | 0 | _aPostoperative care. | |
| 650 | 0 | _aSurgical nursing. | |
| 655 | 7 |
_aElectronic books. _2local |
|
| 700 | 1 | _aMcArthur-Rouse, Fiona J. | |
| 700 | 1 | _aProsser, Sylvia. | |
| 710 | 2 | _aebrary, Inc. | |
| 856 | 4 | 0 |
_uhttp://site.ebrary.com/lib/rucke/Doc?id=10232774 _zAn electronic book accessible through the World Wide Web; click to view |
| 999 |
_c151753 _d151753 |
||